|
|
|
|
| LEADER |
00000nam a2200000 a 4500 |
| 001 |
vtls001201284 |
| 003 |
SK-MaSNL |
| 005 |
20260426003737.0 |
| 008 |
250821s1988 xo 000 0 slo |
| 035 |
|
|
|a SNK000144354
|
| 035 |
|
|
|a urn:nbn:sk:snk-amjubs
|
| 035 |
|
|
|a urn:nbn:sk:snk-am007xnk
|
| 035 |
|
|
|a 7285E34F-F452-4D33-BBFD-C7C18BCB02DF
|
| 040 |
|
|
|a SNK
|b slo
|c SNK
|e AACR2
|
| 041 |
0 |
|
|a slo
|
| 044 |
|
|
|a xo
|c SK
|
| 080 |
|
|
|a 793.31+784.4.091.4(083.97)
|2 1981
|
| 080 |
|
|
|a 784.4.091.4(083.97)
|2 1981
|
| 080 |
|
|
|a 784.4
|2 1981
|
| 111 |
2 |
|
|a Turčianske slávnosti folklóru
|n (4. :
|d 1988 : Martin, Slovensko)
|9 620642
|
| 245 |
1 |
0 |
|a Okresný národný výbor ... Vás pozývajú na IV. ročník Turčianskych slávnosti folklóru
|b Martin 17.-19. júna 1988
|
| 250 |
|
|
|a 1. vyd.
|
| 260 |
|
|
|a Martin
|b s.n.
|c 1988
|
| 300 |
|
|
|a 1 zlož. list ([2] s.)
|c 10 x 21 cm
|
| 500 |
|
|
|a Uspor. Prípravný výbor Turčianskych slávností folklóru
|
| 611 |
2 |
7 |
|a Turčianske slávnosti folklóru
|n (4. :
|d 1988 : Martin, Slovensko)
|2 SNK
|9 620642
|
| 648 |
|
7 |
|a 1988
|2 SNKPH
|9 280250
|
| 650 |
0 |
7 |
|a folklórne slávnosti
|2 SNKPH
|9 74761
|
| 651 |
|
7 |
|a Martin (Slovensko)
|2 SNKPHgeo
|9 16875
|
| 655 |
|
7 |
|a pozvánky
|2 SNKPH
|9 71913
|
| 958 |
|
|
|a EUIPO
|
| 958 |
|
|
|a OND
|
| 999 |
|
|
|c 953733
|d 955663
|
| 952 |
|
|
|t P60, <03>, [BOOK], {603}
|a SNK
|b SNK
|y PREZ
|7 0
|p 17A0255897
|o snkOSC 11994
|0 0
|1 0
|4 0
|d 2000-10-24
|l 0
|r 2005-01-01 00:00:00
|w 2026-02-24
|
| 952 |
|
|
|t P60, <04>, [BOOK], {604}
|a SNK
|b SNK
|y VYP
|7 0
|p 17A0255816
|o snkOSC 11994 D1
|0 0
|1 0
|4 0
|d 2000-10-24
|f 1
|l 0
|r 2005-01-01 00:00:00
|w 2026-02-24
|